000 00571nam a22001817a 4500
005 20140613121645.0
010 _aENG-110203
020 _a9788179981429
_c275.00
035 _aEN-93735
037 _bDBAD/PUB
082 _a658.4092
100 _aSudha, G.S.
245 _aLeadership skills and change management :
_cby G.S. Sudha
_bwith mini cases, problems and helpful hints /
260 _aJaipur
_bMalik and Co.
_c2014
270 _a337, chaura rasta
_bJaipur
_e302003
300 _axiv,316p.:
_c23cm(pbk)
_bill
942 _2ddc
_cEN
_mSUD
_h658.4092
999 _c85069
_d85069